| 000 | 00920cam a2200301 4500 | ||
|---|---|---|---|
| 001 | ABS65473 | ||
| 008 | 020520n2002 000 0 eng u | ||
| 035 | _a(Sirsi) u118039 | ||
| 245 | _aProperty UK Yorks, north and north-east Lincs | ||
| 260 | _c2002 | ||
| 490 |
_aProperty Week _v67(16) 26 April 2002, 51-64(7) |
||
| 590 | _aABS | ||
| 650 | _aSOUTH YORKSHIRE | ||
| 650 | _aYORKSHIRE | ||
| 650 | _aNORTH LINCOLNSHIRE | ||
| 650 | _aNORTH EAST LINCOLNSHIRE | ||
| 650 | _aRESIDENTIAL MARKET | ||
| 650 | _aPROPERTY-COMMERCIAL PROPERTY-RETAIL PROPERTY-RETAIL PROPERTY MARKET | ||
| 650 | _aINDUSTRIAL MARKET | ||
| 650 | _aPROPERTY-COMMERCIAL PROPERTY-OFFICE PROPERTY-OFFICE PROPERTY MARKET | ||
| 650 | _aDISTRIBUTION MARKET | ||
| 650 | _aLEEDS | ||
| 650 | _aHULL | ||
| 650 | _aSHEFFIELD | ||
| 650 | _aM62 CORRIDOR | ||
| 690 | _aPROPERTY-COMMERCIAL PROPERTY-COMMERCIAL PROPERTY MARKET | ||
| 942 | _n0 | ||
| 999 |
_c70282 _d70282 |
||